Word Ladder: Hunger Games Presidents Quiz Stats

Quiz Updated Nov 19, 2014

Challenge
Share
Tweet
Embed
Score 0/14 Timer 02:00
3 Plays Today
Clue 4-Letter Word % Correct
To be familiar withKNOW
96.5%
A president of Panem OR a form of precipitationSNOW
95.8%
Slip, hitch, or Windsor, e.g.KNOT
91.3%
Make fabric from yarnKNIT
88%
The sound made by a hoofCLOP
82.8%
Make a quick cutSNIP
78.7%
A lady's undergarmentSLIP
78.7%
Clue 4-Letter Word % Correct
A state of agitation emotionsSNIT
74.4%
Trendy or hipCOOL
68.3%
With next rung, a term to change your mind on an issueFLIP
63.6%
To put in a confined area, with 'up'COOP
63.6%
With prior rung, a term to change your mind on an issueFLOP
63.5%
A solenoid or spring, e.g.COIL
58.2%
A president of Panem OR a verb to create a new termCOIN
52.3%

Today's Daily Dose

You're not logged in!

Compare scores with friends on all Sporcle quizzes.
Join for Free
OR
Log In

You Might Also Like...

Show Comments

Extras

Top Quizzes Today


Score Distribution

Your Account Isn't Verified!

In order to create a playlist on Sporcle, you need to verify the email address you used during registration. Go to your Sporcle Settings to finish the process.

Report this User

Report this user for behavior that violates our Community Guidelines.

Details: